[Event "Ch Great Britain"]
[Site "masterchessopen.com Aberystwyth (England)"]
[Round "7"]
[White "Penrose Jonathan (ENG)"]
[Black "Purdy John S (AUS)"]
[Result "1-0"]
[WhiteElo "2405"]
[BlackElo "2143"]

1.e4 c5 2.Nf3 Nc6 3.d4 cxd4 4.Nxd4 g6 5.c4 Bg7 6.Be3 Nf6 7.Nc3 Ng4 8.Qxg4 Nxd4
9.Qd1 Ne6 10.Rc1 Qa5 11.a3 b6 12.Bd3 Nc5 13.O-O Nxd3 14.Qxd3 O-O 15.Nd5 Bxb2
16.Nxe7+ Kh8 17.Bd4+ Bxd4 18.Qxd4+ f6 19.c5 bxc5 20.Rxc5 Qb6 21.Qe3 Bb7
22.Nxg6+ Kg7 23.Nxf8 Rxf8 24.Rd1 Bxe4 25.Rxd7+ Rf7 26.Qg3+ Kh6 27.Qf4+ Kg7
28.Rxf7+ {#r} 1-0

[Event "Olympiad"]
[Site "masterchessopen.com Moscow (Russia)"]
[Date "1956.09.21"]
[Round "9"]
[White "Dueckstein Andreas (AUT)"]
[Black "Johannsson Ingi Randver (ISL)"]
[Result "1-0"]
[WhiteElo "2221"]
[BlackElo "2410"]

1.e4 c5 2.Nf3 Nc6 3.d4 cxd4 4.Nxd4 g6 5.c4 Bg7 6.Be3 Nf6 7.Nc3 Ng4 8.Qxg4 Nxd4
9.Qd1 Ne6 10.Rc1 O-O 11.g3 b6 12.Bg2 Bb7 13.O-O f5 14.exf5 Bxg2 15.Kxg2 Rxf5
16.f4 Rc8 17.b3 Qc7 18.Nd5 Qc6 19.Kg1 Rf7 20.f5 gxf5 21.Rxf5 Rcf8 22.Qg4 Qd6
23.Rxf7 Rxf7 24.Rf1 Rxf1+ 25.Kxf1 Nf8 26.h4 e6 27.Nf6+ Kf7 28.Qxg7+ {#r} 1-0

[Event "Zt"]
[Site "masterchessopen.com Sofia (Bulgaria)"]
[Round "0"]
[White "Neikirkh Oleg N (BUL)"]
[Black "Szilagyi Gyorgy (HUN)"]
[Result "1-0"]
[WhiteElo "2370"]
[BlackElo "2370"]

1.e4 c5 2.Nf3 Nc6 3.d4 cxd4 4.Nxd4 g6 5.c4 Bg7 6.Be3 Nf6 7.Nc3 Ng4 8.Qxg4 Nxd4
9.Qd1 e5 10.Nb5 O-O 11.Qd2 Nxb5 12.cxb5 Qe7 13.Rd1 Rd8 14.b6 a6 15.Bc4 d6
16.O-O Be6 17.Bd5 Rd7 18.Rc1 f5 19.f3 f4 20.Bf2 Bf6 21.Rc7 Rad8 22.Rfc1 Kg7
23.Bxb7 Bxa2 24.Rxd7 Rxd7 25.Bc8 Kh6 26.Bxd7 Qxd7 27.Qa5 {#r} 1-0

[Event "Olympiad (students) (team)"]
[Site "masterchessopen.com Leningrad (Russia)"]
[Round "11"]
[White "Kovacs Laszlo (HUN)"]
[Black "Nikitin Aleksander S (RUS)"]
[Result "1-0"]
[WhiteElo "2017"]
[BlackElo "2430"]

1.c4 c5 2.Nc3 Nf6 3.Nf3 g6 4.d4 cxd4 5.Nxd4 Nc6 6.e4 Bg7 7.Be3 Ng4 8.Qxg4 Nxd4
9.Qd1 Ne6 10.Qd2 Qa5 11.Be2 b6 12.O-O Bb7 13.Rfd1 d6 14.Nd5 Qxd2 15.Rxd2 Rc8
16.Rc1 Nc5 17.f3 f5 18.b4 Nd7 19.c5 bxc5 20.Bb5 e6 21.Nf4 cxb4 22.Rxc8+ Bxc8
23.Rxd6 fxe4 24.Rxe6+ Kd8 25.Nd5 h6 26.Rxg6 Bf8 27.fxe4 Ne5 28.Rf6 Ng4 29.Bd4
Rg8 30.h3 Bc5 31.Bxc5 Nxf6 32.Be7# 1-0

[Event "It"]
[Site "masterchessopen.com Arlesheim (Switzerland)"]
[Round "7"]
[White "Eggenberger Ulrich (SUI)"]
[Black "Lehmann Heinz G (GER)"]
[Result "0-1"]
[WhiteElo "1916"]
[BlackElo "2285"]

1.e4 c5 2.Nf3 Nc6 3.d4 cxd4 4.Nxd4 g6 5.c4 Bg7 6.Be3 Nf6 7.Nc3 Ng4 8.Qxg4 Nxd4
9.Qd1 Ne6 10.Be2 Qa5 11.O-O Bxc3 12.bxc3 Qxc3 13.Qd5 O-O 14.Rfc1 Qb2 15.Bf1 d6
16.f4 Bd7 17.Rab1 Qa3 18.Qd2 Nc5 19.Rc3 Qa5 20.Bxc5 Qxc5+ 21.Kh1 Bc6 22.Re1 f6
23.Rg3 Rf7 24.e5 fxe5 25.fxe5 Raf8 26.Bd3 Rf2 27.Qg5 Qd4 28.h4 Rxg2 29.Rxg2
Qxd3 30.Kh2 Bxg2 31.Qxg2 Qxc4 32.Qg3 Qxa2+ {#R} 0-1

[Event "Olympiad (students) (team)"]
[Site "masterchessopen.com Helsinki (Finland)"]
[Round "2"]
[White "Zinn Lothar (GDR)"]
[Black "Langeweg Kick (NED)"]
[Result "1-0"]
[WhiteElo "2400"]
[BlackElo "2309"]

1.d4 Nf6 2.c4 c5 3.Nf3 g6 4.Nc3 Bg7 5.e4 cxd4 6.Nxd4 Nc6 7.Be3 Ng4 8.Qxg4 Nxd4
9.Qd1 Ne6 10.Qd2 Qa5 11.Rc1 g5 12.Be2 Rg8 13.a3 Be5 14.g3 d6 15.f4 gxf4
16.gxf4 Bf6 17.Nd5 Bh4+ 18.Kd1 Qd8 19.Kc2 Nc5 20.Rhg1 Rf8 21.Bf3 Bd7 22.Rg7 e6
23.Nc3 Bf6 24.Rxh7 Qc7 25.e5 dxe5 26.Bxc5 Qxc5 27.Ne4 {#r} 1-0

[Event "Ch Yugoslavia"]
[Site "masterchessopen.com Skopje (Yugoslavia)"]
[Round "0"]
[White "Janosevic Dragoljub (YUG)"]
[Black "Udovcic Mijo (YUG)"]
[Result "1-0"]
[WhiteElo "2330"]
[BlackElo "2460"]

1.e4 c5 2.Nf3 Nc6 3.d4 cxd4 4.Nxd4 g6 5.c4 Bg7 6.Be3 Nf6 7.Nc3 Ng4 8.Qxg4 Nxd4
9.Qd1 Nc6 10.Qd2 Qa5 11.Be2 d6 12.O-O Be6 13.f4 Rc8 14.Rac1 O-O 15.a3 f5
16.exf5 gxf5 17.Rf3 Kh8 18.Bf2 Bg8 19.Rd1 e5 20.Nb5 Qxd2 21.Rxd2 Rfd8 22.Nxd6
e4 23.Rb3 Na5 24.Rb5 b6 25.Be3 Be6 26.Nxc8 Rxc8 27.Kf2 Bxc4 28.Rxa5 Bxe2
29.Rad5 Bd3 30.Rxf5 h6 31.Rd5 a5 {#r} 1-0

[Event "It"]
[Site "masterchessopen.com Baku (Azerbaijan)"]
[Round "0"]
[White "Gufeld Eduard (USA)"]
[Black "Listergarten Leonid B (RUS)"]
[Result "1-0"]
[WhiteElo "2434"]
[BlackElo "2315"]

1.e4 c5 2.Nf3 Nc6 3.d4 cxd4 4.Nxd4 g6 5.c4 Bg7 6.Be3 Nf6 7.Nc3 Ng4 8.Qxg4 Nxd4
9.Qd1 e5 10.Nb5 O-O 11.Qd2 Qh4 12.Bd3 d5 13.cxd5 Nxb5 14.Bxb5 Qxe4 15.O-O Qf5
16.Rac1 e4 17.Rfd1 Qe5 18.b3 Rd8 19.Bf4 Qh5 20.h3 Be6 21.Bc4 b5 22.Be2 Qf5
23.d6 h5 24.Qe3 Be5 25.Bxe5 Qxe5 26.Rc5 Qb2 27.Bxb5 Qxa2 28.Bc4 Bxc4 29.Rxc4
Rab8 30.d7 Kg7 31.Qc3+ Kh6 32.Rc8 Qe2 33.Rd5 e3 34.fxe3 h4 35.Rxb8 {#r} 1-0

[Event "It"]
[Site "masterchessopen.com Zinnowitz (Germany)"]
[Round "9"]
[White "Jansa Vlastimil (CZE)"]
[Black "Baumbach Friedrich Dr (GER)"]
[Result "1-0"]
[WhiteElo "2478"]
[BlackElo "2239"]

1.e4 c5 2.Nf3 Nc6 3.d4 cxd4 4.Nxd4 g6 5.c4 Bg7 6.Be3 Nf6 7.Nc3 Ng4 8.Qxg4 Nxd4
9.Qd1 Ne6 10.Rc1 d6 11.Be2 Bd7 12.O-O a5 13.b3 Bc6 14.Qd2 Nc5 15.f3 O-O
16.Rfd1 Qb6 17.Nd5 Bxd5 18.cxd5 Rfc8 19.Rc2 Qb4 20.Rdc1 Qxd2 21.Bxd2 Bd4+
22.Kf1 Rf8 23.Bg5 Bf6 24.Be3 b6 25.Bb5 Be5 26.Bh6 Bg7 27.Bxg7 Kxg7 28.Re1 Rac8
29.Rc3 Rc7 30.a3 Ra8 31.Rec1 Rac8 32.Rc4 e5 33.b4 {#r} 1-0

[Event "Ch OWL"]
[Site "masterchessopen.com Detmold (Germany)"]
[Round "4"]
[White "Speer Albrecht (GER)"]
[Black "Seppelt Alfred (GER)"]
[Result "1-0"]
[WhiteElo "2244"]
[BlackElo "2215"]

1.Nf3 c5 2.c4 g6 3.e4 Bg7 4.d4 cxd4 5.Nxd4 Nc6 6.Be3 Nf6 7.Nc3 Ng4 8.Qxg4 Nxd4
9.Qd1 Nc6 10.Qd2 Qa5 11.Rc1 d6 12.Be2 f5 13.exf5 Bxf5 14.O-O O-O 15.Rfd1 Be6
16.b3 Qf5 17.Bf3 Be5 18.Nd5 Bd7 19.c5 Rac8 20.cxd6 Bxd6 21.Nxe7+ Bxe7 22.Qxd7
Qxd7 23.Rxd7 Ba3 24.Bd5+ Kh8 25.Rxc6 Rxc6 26.Bxc6 {#r} 1-0

[Event "?"]
[Site "masterchessopen.com Hungary"]
[Round "0"]
[White "Kluger Gyula (HUN)"]
[Black "Lukacs Peter (HUN)"]
[Result "1-0"]
[WhiteElo "2250"]
[BlackElo "2404"]

1.e4 c5 2.Nf3 g6 3.d4 cxd4 4.Nxd4 Bg7 5.c4 Nf6 6.Nc3 Nc6 7.Be3 Ng4 8.Qxg4 Nxd4
9.Qd1 Ne6 10.Qd2 Qa5 11.Rc1 g5 12.Be2 Be5 13.g3 Rg8 14.O-O g4 15.c5 h5 16.Qd5
Qc7 17.Bc4 h4 18.Nb5 Qb8 19.Bd4 Ng5 20.f4 Bxd4+ 21.Qxd4 Nf3+ 22.Rxf3 gxf3
23.Nd6+ Kf8 24.Bxf7 Rg7 25.Bb3 b6 26.Qe5 exd6 27.Qf6+ Ke8 28.Qxg7 bxc5 29.Qh8+
Ke7 30.Qxh4+ Ke8 31.Qf6 {#r} 1-0

[Event "Tournament (youth) (under 26)"]
[Site "masterchessopen.com Prague (Czech Republic)"]
[Round "12"]
[White "Jansa Vlastimil (CZE)"]
[Black "Spesny Jan (CZE)"]
[Result "1-0"]
[WhiteElo "2478"]
[BlackElo "2195"]

1.e4 c5 2.Nf3 Nc6 3.d4 cxd4 4.Nxd4 g6 5.Be3 Bg7 6.c4 Nf6 7.Nc3 Ng4 8.Qxg4 Nxd4
9.Qd1 Nc6 10.Be2 O-O 11.O-O d6 12.Qd2 Be6 13.f3 Qd7 14.Rac1 Rfc8 15.Rfd1 Ne5
16.b3 Qd8 17.h3 Qa5 18.Kh1 a6 19.f4 Nd7 20.Rf1 f5 21.exf5 gxf5 22.Bf3 Bxc3
23.Rxc3 Nc5 24.Bd4 Ne4 25.Bxe4 fxe4 26.Rg3+ {#r} 1-0

[Event "It"]
[Site "masterchessopen.com Sarajevo (Bosnia & Herzegovina)"]
[Round "0"]
[White "Leban Slavko (SRB)"]
[Black "Mestrovic Zvonimir (SLO)"]
[Result "1-0"]
[WhiteElo "2400"]
[BlackElo "2369"]

1.e4 c5 2.Nf3 Nc6 3.d4 cxd4 4.Nxd4 g6 5.c4 Bg7 6.Be3 Nf6 7.Nc3 Ng4 8.Qxg4 Nxd4
9.Qd1 Ne6 10.Qd2 Qa5 11.Rb1 d6 12.Be2 Bxc3 13.bxc3 Bd7 14.Bd4 O-O 15.h4 Bc6
16.f3 f5 17.h5 g5 18.O-O fxe4 19.fxe4 Nxd4 20.Qxd4 Qc5 21.Bg4 Qxd4+ 22.cxd4
Bxe4 23.Rxf8+ Rxf8 24.Re1 d5 25.Be6+ Kg7 26.cxd5 Bd3 27.Bd7 Kf7 28.Re3 Kg7
29.Rxd3 Rf4 30.Re3 Rxd4 31.Rxe7+ Kh6 32.g4 {#r} 1-0

[Event "?"]
[Site "masterchessopen.com Haifa (Israel)"]
[Round "0"]
[White "Rogoff Kenneth S (USA)"]
[Black "Levy David N L (SCO)"]
[Result "1-0"]
[WhiteElo "2505"]
[BlackElo "2310"]

1.Nf3 c5 2.c4 g6 3.d4 cxd4 4.Nxd4 Bg7 5.e4 Nc6 6.Be3 Nf6 7.Nc3 Ng4 8.Qxg4 Nxd4
9.Qd1 Ne6 10.Qd2 Qa5 11.Rc1 b6 12.Bd3 Bb7 13.O-O g5 14.a3 Qe5 15.b4 Rc8 16.Nd5
Bc6 17.Rfd1 h5 18.Bb1 Rd8 19.Qe2 g4 20.Bd2 Ba4 21.Re1 Nd4 22.Qf1 Nb3 23.Bf4
Qa1 24.Rc2 e6 25.Bd6 Rc8 26.Ra2 Qd4 27.Rd1 Qxc4 28.Bd3 Qc6 29.Rc2 Qxc2 30.Bxc2
Rxc2 31.Qa6 exd5 32.Qxa4 Rc3 33.Qxa7 {#r} 1-0

[Event "Ch Leningrad"]
[Site "masterchessopen.com Leningrad (Russia)"]
[Round "0"]
[White "Tseitlin Mark D (ISR)"]
[Black "Bukhman Eduard (RUS)"]
[Result "1-0"]
[WhiteElo "2403"]
[BlackElo "2370"]

1.e4 g6 2.d4 Bg7 3.c4 c5 4.Nf3 cxd4 5.Nxd4 Nc6 6.Be3 Nf6 7.Nc3 Ng4 8.Qxg4 Nxd4
9.Qd1 Ne6 10.Qd2 Qa5 11.Rc1 d6 12.Be2 Bd7 13.O-O Bc6 14.f3 g5 15.b3 Be5 16.Qb2
Nd4 17.Bd3 b5 18.Qd2 bxc4 19.Bxc4 Ne6 20.Bxe6 fxe6 21.Bxg5 Rg8 22.Be3 Kd7
23.Bd4 Rg6 24.b4 Bxd4+ 25.Qxd4 Qg5 26.Rc2 a5 27.b5 Bxb5 28.f4 Qh5 29.f5 Bxf1
30.fxg6 Bb5 31.Na4 Bxa4 32.Qxa4+ Kd8 33.g7 Qg4 34.g8=Q+ {#r} 1-0

[Event "Olympiad"]
[Site "masterchessopen.com Siegen (Germany)"]
[Round "5"]
[White "Wostin Rik H (BEL)"]
[Black "Baumbach Friedrich Dr (GER)"]
[Result "0-1"]
[WhiteElo "2250"]
[BlackElo "2239"]

1.e4 c5 2.Nf3 Nc6 3.c4 g6 4.d4 cxd4 5.Nxd4 Bg7 6.Be3 Nf6 7.Nc3 Ng4 8.Qxg4 Nxd4
9.Qd1 Ne6 10.Rc1 d6 11.Be2 Bd7 12.O-O Bc6 13.Qd2 Nc5 14.f3 a5 15.Rfd1 Qb6
16.Rc2 O-O 17.Nd5 Bxd5 18.cxd5 Rfc8 19.Bd4 Qb4 20.Qxb4 axb4 21.Bxg7 Kxg7 22.b3
f5 23.exf5 gxf5 24.Rd4 Ra3 25.Rxb4 Rca8 26.Rb5 Rxa2 27.Rxa2 Rxa2 28.Kf1 Kf6
29.b4 Na4 30.Rxb7 Nc3 31.Bc4 Rb2 32.h4 Nd1 33.Be2 Ne3+ 34.Kf2 Nxd5 {#R} 0-1

[Event "It"]
[Site "masterchessopen.com Nethanya (Israel)"]
[Round "1"]
[White "Damjanovic Mato (CRO)"]
[Black "Peretz Malkiel (ISR)"]
[Result "0-1"]
[WhiteElo "2490"]
[BlackElo "2365"]

1.e4 c5 2.Nf3 Nc6 3.d4 cxd4 4.Nxd4 g6 5.c4 Bg7 6.Be3 Nf6 7.Nc3 Ng4 8.Qxg4 Nxd4
9.Qd1 e5 10.Qd2 O-O 11.O-O-O d6 12.Kb1 Qa5 13.Nb5 Qxd2 14.Rxd2 Nxb5 15.cxb5
Rd8 16.b6 axb6 17.Bxb6 Be6 18.b3 Bh6 19.Rd1 Rdc8 20.Bb5 d5 21.exd5 Bf5+ 22.Bd3
e4 23.Bc4 e3+ 24.Kb2 e2 25.Rd4 Bg7 26.g4 Bxg4 27.Re1 h5 28.h3 Bxh3 29.Rxe2 Bf1
30.Rd2 Bxc4 31.bxc4 Ra6 32.c5 Rxb6+ {#R} 0-1

[Event "?"]
[Site "masterchessopen.com URS"]
[Round "0"]
[White "Levchenkov Vitaly (LAT)"]
[Black "Kapengut Albert Z (BLR)"]
[Result "0-1"]
[WhiteElo "2260"]
[BlackElo "2450"]

1.e4 c5 2.Nf3 g6 3.d4 cxd4 4.Nxd4 Nc6 5.c4 Bg7 6.Be3 Nf6 7.Nc3 Ng4 8.Qxg4 Nxd4
9.Qd1 Ne6 10.Rc1 b6 11.Be2 Bb7 12.f3 Be5 13.Qd2 Qb8 14.g3 h5 15.f4 { ? } (
15.Nd5 g5 { !? } ( 15...h4 16.f4 hxg3 17.fxe5 Rxh2 18.Rxh2 gxh2 19.Bf3 Qxe5
20.Kf2 { ? } ) ) 15...Bxc3 16.Qxc3 f6 17.Bf3 Bc6 18.Kf2 Qb7 19.Rce1 h4 { ? } (
19...Bxe4 20.Bxe4 Qxe4 21.Bxb6 Qc6 22.Be3 h4 23.g4 Rc8 24.Rc1 ( 24.b3 d5 )
24...Qe4 { ? } ) 20.b4 { ? } ( 20.Bd2 { != } ) 20...Bxe4 21.Bxe4 Qxe4 22.Bxb6
Qc6 23.Ba5 ( 23.Be3 hxg3+ 24.Kxg3 Rh3+ { ! } 25.Kxh3 Qf3+ 26.Kh4 Kf7 { ??+ } )
( 23.Bd4 hxg3+ 24.Kxg3 g5 { ??+ } ) 23...hxg3+ 24.Qxg3 Qxc4 25.Qxg6+ Kf8
26.Qe4 Rc8 27.f5 Qd4+ 28.Re3 Rh4 {#R} 0-1

[Event "corr."]
[Site "masterchessopen.com DDR"]
[Round "0"]
[White "Schmidt Danny (GER)"]
[Black "Hobusch Werner (GER)"]
[Result "0-1"]
[WhiteElo "2023"]
[BlackElo "2161"]

1.e4 c5 2.Nf3 Nc6 3.d4 cxd4 4.Nxd4 g6 5.c4 Bg7 6.Be3 Nf6 7.Nc3 Ng4 8.Qxg4 Nxd4
9.Qd1 Ne6 10.Qd2 d6 11.Be2 O-O 12.O-O Nc5 13.f3 a5 14.Rfd1 Be6 15.Rac1 Rc8
16.b3 f5 17.exf5 Bxf5 18.Nd5 Be6 19.Bg5 Bxd5 20.Qxd5+ Kh8 21.Qd2 Qc7 22.Re1
Rf7 23.Bd1 Rcf8 24.Bc2 Kg8 25.Rcd1 Be5 26.Qd5 e6 27.Qd2 d5 28.cxd5 Bxh2+
29.Kh1 Rd7 30.Be4 Bg3 31.Re3 h6 32.Bxh6 Rh7 33.Rc3 Bf4 34.Qd4 Bxh6 35.Kg1 Bg7
{#R} 0-1

[Event "Ch Europe (juniors) (under 20) (final A)"]
[Site "masterchessopen.com Groningen (Netherlands)"]
[Round "2"]
[White "Dieks Roy G (NED)"]
[Black "Baljon Christofoor (NED)"]
[Result "1-0"]
[WhiteElo "2265"]
[BlackElo "2167"]

1.c4 g6 2.e4 c5 3.Nf3 Bg7 4.d4 cxd4 5.Nxd4 Nc6 6.Be3 Nf6 7.Nc3 Ng4 8.Qxg4 Nxd4
9.Qd1 Ne6 10.Qd2 Qa5 11.Be2 Bxc3 12.bxc3 b6 13.O-O Bb7 14.f3 Rc8 15.Rab1 Ba6
16.f4 Bxc4 17.f5 Nf8 18.Bxc4 Rxc4 19.Bd4 Rg8 20.Qf4 f6 21.e5 fxe5 22.Qf3 e4
23.Qxe4 Qxc3 24.f6 {#r} 1-0

[Event "It"]
[Site "masterchessopen.com Polanica Zdroj (Poland)"]
[Round "13"]
[White "Razuvaev Yuri S (RUS)"]
[Black "Ermenkov Evgenij (PLE)"]
[Result "1-0"]
[WhiteElo "2490"]
[BlackElo "2410"]

1.d4 Nf6 2.c4 c5 3.Nf3 g6 4.Nc3 Bg7 5.e4 cxd4 6.Nxd4 Nc6 7.Be3 Ng4 8.Qxg4 Nxd4
9.Qd1 Ne6 10.Rc1 Qa5 11.Bd3 b6 12.O-O g5 13.Nd5 Bb7 14.a4 Bc6 15.b3 h5 16.Bd2
Qa6 17.Bxg5 f6 18.Be3 Qb7 19.b4 d6 20.f4 Qd7 21.Bc2 Nd8 22.e5 f5 23.e6 Nxe6
24.Bxf5 Rh6 25.b5 Bb7 26.Bh3 Bf6 27.Bxe6 {#r} 1-0

[Event "Ch DDR"]
[Site "masterchessopen.com Goerlitz (Germany)"]
[Date "1972.02.19"]
[Round "13"]
[White "Liebert Heinz (GER)"]
[Black "Brueggemann Joachim (GER)"]
[Result "1-0"]
[WhiteElo "2400"]
[BlackElo "2339"]

1.e4 c5 2.Nf3 g6 3.c4 Bg7 4.d4 cxd4 5.Nxd4 Nc6 6.Be3 Nf6 7.Nc3 Ng4 8.Qxg4 Nxd4
9.Qd1 e5 10.Bd3 O-O 11.O-O d6 12.Rc1 Be6 13.b3 f5 14.f3 f4 15.Bf2 Qg5 16.Kh1
a6 17.Ne2 Nxe2 18.Bxe2 Rad8 19.Qd2 Qh5 20.Rc3 Rf7 21.c5 d5 22.Bc4 Rfd7 23.exd5
Bxd5 24.Rd3 e4 25.Rxd5 Rxd5 26.fxe4 {#r} 1-0

[Event "Ch Italy"]
[Site "masterchessopen.com Chioggia (Italy)"]
[Round "0"]
[White "Cosulich Roberto (ITA)"]
[Black "Magrini Riccardo (ITA)"]
[Result "1-0"]
[WhiteElo "2425"]
[BlackElo "2176"]

1.e4 c5 2.Nf3 g6 3.d4 cxd4 4.Nxd4 Bg7 5.c4 Nc6 6.Be3 Nf6 7.Nc3 Ng4 8.Qxg4 Nxd4
9.Qd1 e5 10.Nb5 Qh4 11.Nc7+ Kd8 12.Nxa8 Qxe4 13.Qd3 Nc2+ 14.Kd2 Qxd3+ 15.Bxd3
Nxa1 16.Bxa7 e4 17.Bxe4 Bxb2 18.Re1 d6 19.Bb6+ Kd7 20.Nc7 f5 21.Bd5 Be5 22.g3
f4 23.Ne6 fxg3 24.hxg3 Re8 25.f4 Bf6 26.Ba5 b6 27.Bc3 Bxc3+ 28.Kxc3 Ba6
29.Rxa1 Rxe6 30.Bxe6+ Kxe6 31.Rb1 {#r} 1-0

[Event "corr."]
[Site "masterchessopen.com DDR"]
[Round "0"]
[White "Bader Harry"]
[Black "Hobusch Werner (GER)"]
[Result "1-0"]
[WhiteElo "1644"]
[BlackElo "2161"]

1.e4 c5 2.Nf3 Nc6 3.d4 cxd4 4.Nxd4 g6 5.c4 Bg7 6.Be3 Nf6 7.Nc3 Ng4 8.Qxg4 Nxd4
9.Qd1 Ne6 10.Qd2 d6 11.Be2 O-O 12.O-O Nc5 13.f3 a5 14.Rad1 Be6 15.Bd4 Qb6
16.f4 Bxd4+ 17.Qxd4 Nd7 18.f5 {#r} 1-0

[Event "Ch DDR"]
[Site "masterchessopen.com Erfurt (Germany)"]
[Round "1"]
[White "Knaak Rainer (GER)"]
[Black "Walter Guenter (GER)"]
[Result "1-0"]
[WhiteElo "2482"]
[BlackElo "1983"]

1.c4 c5 2.Nf3 g6 3.d4 cxd4 4.Nxd4 Bg7 5.e4 Nc6 6.Be3 Nf6 7.Nc3 Ng4 8.Qxg4 Nxd4
9.Qd1 Nc6 10.Qd2 Qa5 11.Rc1 d6 12.Be2 Be6 13.O-O Rc8 14.a3 O-O 15.Rc2 Rfe8
16.Rb1 a6 17.b4 Qd8 18.Rbc1 Ne5 19.Nd5 Bxd5 20.cxd5 Qd7 21.h3 f5 22.f4 Nf7
23.exf5 gxf5 24.Bb6 Bf6 25.Rc7 Rxc7 26.Rxc7 Qa4 27.Qd3 Bb2 28.Qxf5 Qxa3 29.Bh5
Bf6 30.Qe6 Rf8 31.Qg4+ Ng5 32.fxg5 {#r} 1-0

[Event "Memorial J.Capablanca (a)"]
[Site "masterchessopen.com Camaguey (Cuba)"]
[Round "2"]
[White "Ribli Zoltan (HUN)"]
[Black "Fernandez Juan C (CUB)"]
[Result "1-0"]
[WhiteElo "2525"]
[BlackElo "2396"]

1.Nf3 c5 2.e4 Nc6 3.d4 cxd4 4.Nxd4 g6 5.c4 Bg7 6.Be3 Nf6 7.Nc3 Ng4 8.Qxg4 Nxd4
9.Qd1 Ne6 10.Rc1 b6 11.Bd3 Bb7 12.Qd2 Rc8 13.b3 d6 14.Bb1 Qd7 15.f4 Nc5 16.f5
Rg8 17.fxg6 hxg6 18.Bd4 Bxd4 19.Qxd4 Qe6 20.O-O Qe5 21.Qf2 Rg7 22.Nd5 Kd7
23.b4 Ne6 24.Rfd1 Rh7 25.h3 Ng5 26.Qe3 Rch8 27.Rc3 a6 28.Nf4 Rh4 29.Nd3 Qg7
30.Nf2 Qe5 31.c5 Nxe4 32.Bxe4 Bxe4 33.cxd6 Rc8 34.Rxc8 Kxc8 35.Qc1+ {#r} 1-0

[Event "?"]
[Site "masterchessopen.com Dortmund (Germany)"]
[Round "0"]
[White "Gaprindashvili Nona (GEO)"]
[Black "Servaty Rudolf (GER)"]
[Result "1-0"]
[WhiteElo "2360"]
[BlackElo "2141"]

1.e4 c5 2.Nf3 Nc6 3.d4 cxd4 4.Nxd4 g6 5.c4 Bg7 6.Be3 Nf6 7.Nc3 Ng4 8.Qxg4 Nxd4
9.Qd1 e5 10.Nb5 O-O 11.Be2 Qh4 12.Nxd4 exd4 13.Bxd4 Qxe4 14.Bxg7 Qxg2 15.Qd4
Qxh1+ 16.Kd2 Qxa1 17.Qf6 {#r} 1-0

[Event "It"]
[Site "masterchessopen.com Lanzarote (Spain)"]
[Round "9"]
[White "Kavalek Lubomir (USA)"]
[Black "Debarnot Roberto (ARG)"]
[Result "1-0"]
[WhiteElo "2625"]
[BlackElo "2420"]

1.c4 c5 2.Nf3 g6 3.d4 cxd4 4.Nxd4 Bg7 5.e4 Nc6 6.Be3 Nf6 7.Nc3 Ng4 8.Qxg4 Nxd4
9.Qd1 Ne6 10.Rc1 O-O 11.Qd2 d6 12.Be2 Bd7 13.b3 Bc6 14.f3 Qd7 15.O-O Rfc8
16.Rfd1 b6 17.b4 Qe8 18.Nd5 Nc7 19.Nxc7 Rxc7 20.b5 Bd7 21.a4 Be6 22.a5 Rb8
23.Rc2 Qc8 24.Rdc1 Qb7 25.Ra2 Rbc8 26.axb6 axb6 27.Ra6 Bxc4 28.Rxb6 Qa8 29.Ra6
Qb8 30.Rxc4 Rxc4 31.Bxc4 Rxc4 32.Qd5 Rc8 33.b6 e6 34.Qb5 {#r} 1-0

[Event "Izt"]
[Site "masterchessopen.com Manila (Philippines)"]
[Round "0"]
[White "Portisch Lajos (HUN)"]
[Black "Pfleger Helmut Dr (GER)"]
[Result "1-0"]
[WhiteElo "2645"]
[BlackElo "2535"]

1.Nf3 Nf6 2.c4 c5 3.Nc3 Nc6 4.d4 cxd4 5.Nxd4 g6 6.e4 Bg7 7.Be3 Ng4 8.Qxg4 Nxd4
9.Qd1 Ne6 10.Rc1 d6 11.b4 O-O 12.Be2 a5 13.a3 axb4 14.axb4 Bd7 15.O-O Bc6
16.Qd2 Ra3 17.Nd5 Kh8 18.Bb6 Qd7 19.f4 f5 20.exf5 gxf5 21.Bf3 Rfa8 22.Rce1 Ra1
23.b5 Bxd5 24.Qxd5 Nd8 25.Rxa1 Rxa1 26.Rxa1 Bxa1 27.c5 e6 28.c6 bxc6 29.bxc6
exd5 30.cxd7 Bf6 31.Bxd5 Kg7 32.Bc4 Be7 33.Kf2 Kf6 {#r} 1-0

[Event "Ch DDR"]
[Site "masterchessopen.com Potsdam (Germany)"]
[Round "5"]
[White "Espig Lutz (GER)"]
[Black "Rossmann Helmut (GER)"]
[Result "1-0"]
[WhiteElo "2346"]
[BlackElo "2264"]

1.Nf3 c5 2.c4 g6 3.d4 cxd4 4.Nxd4 Nc6 5.e4 Bg7 6.Be3 Nf6 7.Nc3 Ng4 8.Qxg4 Nxd4
9.Qd1 Ne6 10.Qd2 Qa5 11.Rc1 d6 12.Be2 Bd7 13.f3 g5 14.O-O h5 15.Rfd1 Be5 16.c5
Nxc5 17.Bxg5 Bc6 18.Kh1 Bxc3 19.Rxc3 Na4 20.Bxe7 Kxe7 21.Qxd6+ Ke8 22.Rxc6
bxc6 23.Qxc6+ Ke7 24.Qd6+ Ke8 25.b4 {#r} 1-0

[Event "?"]
[Site "masterchessopen.com USA"]
[Round "0"]
[White "Browne Walter S (USA)"]
[Black "Waterman Deniss L (USA)"]
[Result "0-1"]
[WhiteElo "2575"]
[BlackElo "2290"]

1.e4 c5 2.Nf3 Nc6 3.d4 cxd4 4.Nxd4 g6 5.c4 Bg7 6.Be3 Nf6 7.Nc3 Ng4 8.Qxg4 Nxd4
9.Qd1 Ne6 10.Rc1 d6 11.Bd3 Bd7 12.O-O Bc6 13.Qd2 Qa5 14.Bb1 Qh5 15.Nd5 g5
16.f3 Be5 17.g3 Rg8 18.Qf2 Bf4 19.Kh1 Bxe3 20.Qxe3 f6 21.f4 gxf4 22.gxf4 Kd7
23.f5 Ng5 24.c5 Nf7 25.Nf4 Qh6 26.Qb3 Rg7 27.cxd6 Nxd6 28.Qe6+ Ke8 29.Rxc6
bxc6 30.e5 Rb8 31.b3 Rb4 32.exd6 Rxf4 33.Re1 Qxh2+ {#R} 0-1

[Event "Ch Denmark (qual)"]
[Site "masterchessopen.com Vejle (Denmark)"]
[Round "9"]
[White "Madsen Peder (DEN)"]
[Black "From Sigfred (DEN)"]
[Result "1-0"]
[WhiteElo "2021"]
[BlackElo "2195"]

1.e4 c5 2.Nf3 Nc6 3.d4 cxd4 4.Nxd4 g6 5.c4 Bg7 6.Be3 Nf6 7.Nc3 Ng4 8.Qxg4 Nxd4
9.Qd1 e5 10.Nb5 O-O 11.Qd2 b6 12.Nxd4 exd4 13.Bxd4 Qh4 14.Bxg7 Qxe4+ 15.Be2
Qxg2 16.Qh6 Qxh1+ 17.Kd2 Qc6 18.Bxf8 Qf6 19.Ba3 Ba6 20.Qe3 Rc8 21.Rg1 h6
22.Rg4 Qf5 23.Rf4 Qa5+ 24.b4 Qg5 25.Bb2 h5 26.Bf6 Qh6 27.Re4 Qf8 28.Re7 Kh7
29.c5 Rc6 30.Re8 {#r} 1-0

[Event "Ch Poland"]
[Site "masterchessopen.com Zielona Gora (Poland)"]
[Round "9"]
[White "Schmidt Wlodzimierz (POL)"]
[Black "Szymczak Zbigniew (POL)"]
[Result "1-0"]
[WhiteElo "2500"]
[BlackElo "2279"]

1.Nf3 c5 2.c4 g6 3.d4 cxd4 4.Nxd4 Nc6 5.e4 Bg7 6.Be3 Nf6 7.Nc3 Ng4 8.Qxg4 Nxd4
9.Qd1 Ne6 10.Rc1 b6 11.Qd2 Bb7 12.Be2 Nc5 13.f3 a5 14.O-O O-O 15.b3 d6 16.Rfd1
Bc6 17.Bf1 Ra7 18.Qf2 e6 19.a3 Qb8 20.Nb5 Bxb5 21.cxb5 Nxb3 22.Bxb6 Rd7 23.Rc6
d5 24.Bc4 dxc4 25.Rxd7 c3 26.a4 Qe5 27.Bc7 Qg5 28.f4 {#r} 1-0

[Event "?"]
[Site "masterchessopen.com Biel (Switzerland)"]
[Round "0"]
[White "Joksic Sinisa (SRB)"]
[Black "Werner Dimo (GER)"]
[Result "1-0"]
[WhiteElo "2251"]
[BlackElo "2190"]

1.Nf3 c5 2.e4 Nc6 3.d4 cxd4 4.Nxd4 g6 5.c4 Bg7 6.Be3 Nf6 7.Nc3 Ng4 8.Qxg4 Nxd4
9.Qd1 e5 10.Nb5 O-O 11.Qd2 Qh4 12.Bd3 d5 13.cxd5 Nxb5 14.Bxb5 Qxe4 15.O-O Rd8
16.Rfd1 Be6 17.f3 Qh4 18.Bg5 Qh5 19.Bxd8 Rxd8 20.Qa5 {#r} 1-0